000 00354nam a2200145Ia 4500
003 OSt
008 191201s2004 xx 000 0 und d
082 _a658.405
_bHAC
100 _aHARVARD BUSINESS REVIEW,PRESS
245 0 _aCrisis Management
260 _aNew Delhi
_bHarvard business review Press
_c2004
300 _a138
650 _aBBA
942 _2ddc
_cBK
999 _c20
_d20